| 000 | 01062nam a22002897a 4500 | ||
|---|---|---|---|
| 005 | 20251021092338.0 | ||
| 008 | 251021b ||||| |||| 00| 0 eng d | ||
| 020 | _a9786287673502 | ||
| 020 | _a9786287673519 | ||
| 040 |
_aCO-BoUCM _cDavid Moreno _dDavid Moreno |
||
| 041 | _aeng | ||
| 060 | _aWG 200 | ||
| 100 | 1 |
_aFranco Sierra, Sergio _9187052 |
|
| 245 | 1 | 0 |
_aStructural heart disease _cSergio Franco Sierra |
| 250 | _a1a.Ed | ||
| 260 |
_aBogotá, Colombia _bDistribuna Ltda _c2025 |
||
| 300 |
_axxvi, 619 Paginas _bilustraciones a color |
||
| 504 | _aIncluye referencias bibliográficas e índices | ||
| 650 | 1 | 4 |
_aEnfermedades cardiovasculares _xDiagnóstico _914279 |
| 650 | 1 | 4 |
_aEnfermedades cardiovasculares _xTratamiento _9187053 |
| 650 | 1 | 4 |
_aMedicina interna _xAspectos clínicos _9187054 |
| 700 | 1 |
_aArias, Adriana _etraductor _9187055 |
|
| 700 | 1 |
_aFlórez, Martha _etraductor _9187056 |
|
| 700 | 1 |
_aLondoño, Inés _etraductor _9187057 |
|
| 700 | 1 |
_aCardona, Susana _eilustrador _9187058 |
|
| 942 |
_2NLM _a26 _cLIBRO _e1 _hWG 200 _mF826s _n0 |
||
| 999 |
_c325799 _d325799 |
||